Research methodology in behavioural sciences. (Record no. 208275)
[ view plain ]
| 000 -LEADER | |
|---|---|
| fixed length control field | 00796nam a2200253Ia 4500 |
| 003 - CONTROL NUMBER IDENTIFIER | |
| control field | OSt |
| 005 - DATE AND TIME OF LATEST TRANSACTION | |
| control field | 20220119155054.0 |
| 008 - FIXED-LENGTH DATA ELEMENTS--GENERAL INFORMATION | |
| fixed length control field | 210716s2013 xx 000 0 und d |
| 020 ## - INTERNATIONAL STANDARD BOOK NUMBER | |
| International Standard Book Number | 9788120348080 |
| 040 ## - CATALOGING SOURCE | |
| Transcribing agency | AIMIT LIBRARY |
| 041 ## - LANGUAGE CODE | |
| Language code of text/sound track or separate title | eng |
| 082 ## - DEWEY DECIMAL CLASSIFICATION NUMBER | |
| Classification number | 001.42 |
| Edition number | 1 |
| Item number | MANS |
| 100 ## - MAIN ENTRY--PERSONAL NAME | |
| Personal name | Mangal, S K. |
| 9 (RLIN) | 13798 |
| 245 ## - TITLE STATEMENT | |
| Title | Research methodology in behavioural sciences. |
| Statement of responsibility, etc. | by S K Mangal and Shubhra Mangal. |
| 250 ## - EDITION STATEMENT | |
| Edition statement | 1st. ed . - |
| 260 ## - PUBLICATION, DISTRIBUTION, ETC. | |
| Place of publication, distribution, etc. | New Delhi |
| Name of publisher, distributor, etc. | PHI Learning Pvt Ltd, |
| Date of publication, distribution, etc. | 2013 |
| 300 ## - PHYSICAL DESCRIPTION | |
| Extent | xxiii,740p. ; 23.6cm. |
| 650 ## - SUBJECT ADDED ENTRY--TOPICAL TERM | |
| Topical term or geographic name entry element | Research Methodology |
| 9 (RLIN) | 13799 |
| 650 ## - SUBJECT ADDED ENTRY--TOPICAL TERM | |
| Topical term or geographic name entry element | Research in Behavioural Sciences. |
| 9 (RLIN) | 13800 |
| 650 ## - SUBJECT ADDED ENTRY--TOPICAL TERM | |
| Topical term or geographic name entry element | Developmental Research. |
| 9 (RLIN) | 13801 |
| 650 ## - SUBJECT ADDED ENTRY--TOPICAL TERM | |
| Topical term or geographic name entry element | Qualitative Research. |
| 9 (RLIN) | 13802 |
| 700 ## - ADDED ENTRY--PERSONAL NAME | |
| Personal name | Mangal, Shubhra. |
| 9 (RLIN) | 13803 |
| 942 ## - ADDED ENTRY ELEMENTS (KOHA) | |
| Source of classification or shelving scheme | Dewey Decimal Classification |
| Koha item type | Book |
| Edition | 1st |
| Call number prefix | 001.42 MANS |
| Withdrawn status | Lost status | Source of classification or shelving scheme | Damaged status | Not for loan | Collection code | Home library | Current library | Shelving location | Date acquired | Cost, normal purchase price | Inventory number | Total Checkouts | Full call number | Barcode | Date last seen | Cost, replacement price | Price effective from | Koha item type |
|---|---|---|---|---|---|---|---|---|---|---|---|---|---|---|---|---|---|---|
| Dewey Decimal Classification | MBA | St Aloysius Institute of Management & Information Technology | St Aloysius Institute of Management & Information Technology | Research Methodology | 12/19/2013 | 525.00 | Bill no:JTB/1624; Bill dt:2013-1 | 001.42 MANS | MBA10841 | 05/23/2026 | 393.75 | 07/16/2021 | Book |